[Event "Sochi Amateur op 6th"]
[Site "Sochi"]
[Date "2019.04.13"]
[Round "9"]
[White "Lyubokhiner, Leonid M"]
[Black "Petyakov, Emir"]
[Result "1-0"]
[WhiteElo "1701"]
[BlackElo "1362"]
[PlyCount "40"]
[EventDate "2019.04.07"]
[EventType "swiss"]
[EventRounds "9"]
[EventCountry "RUS"]
[SourceTitle "CBM 189 Extra"]
[Source "ChessBase"]
[SourceDate "2019.06.03"]
[SourceVersion "1"]
[SourceVersionDate "2019.06.03"]
[SourceQuality "1"]

1. d4 Nf6 2. Nf3 c5 3. e3 e6 4. Bd3 Be7 5. dxc5 Bxc5 6. 0-0 0-0 7. c4 b6 8. Nc3 Nc6 9. Qe2 Bb7 10. Rd1 Qe7 11. Na4 d5 12. Nxc5 Qxc5 13. cxd5 Nxd5 14. e4 Ndb4 15. Be3 Qe7 16. Bb5 a6 17. Bxc6 Nxc6 18. Rac1 b5 19. Bc5 Qf6 20. Bxf8 Rxf8 1-0

[Event "Sochi Amateur op 6th"]
[Site "Sochi"]
[Date "2019.04.08"]
[Round "3"]
[White "Zelenskaya, Anastasiya"]
[Black "Lyubokhiner, Leonid M"]
[Result "1-0"]
[WhiteElo "1813"]
[BlackElo "1701"]
[PlyCount "53"]
[EventDate "2019.04.07"]
[EventType "swiss"]
[EventRounds "9"]
[EventCountry "RUS"]
[SourceTitle "CBM 189 Extra"]
[Source "ChessBase"]
[SourceDate "2019.06.03"]
[SourceVersion "1"]
[SourceVersionDate "2019.06.03"]
[SourceQuality "1"]

1. e4 d6 2. d4 e5 3. Nf3 f5 4. dxe5 fxe4 5. Ng5 Bf5 6. Qd5 Nh6 7. Qxb7 Nd7 8. e6 Nc5 9. Qc6+ Ke7 10. Nc3 Bxe6 11. Nxe6 Nxe6 12. Qxe4 Nf7 13. Bc4 Ne5 14. Bxe6 Kxe6 15. f4 Be7 16. Qd5+ Kd7 17. fxe5 c6 18. Qd3 Qa5 19. Qf5+ Kc7 20. exd6+ Kb6 21. Be3+ Ka6 22. Qd3+ Kb7 23. dxe7 Qe5 24. 0-0 Qxe7 25. Na4 Rad8 26. Qb3+ Ka8 27. Rf7 1-0

[Event "Chigorin Memorial 23rd"]
[Site "St Petersburg"]
[Date "2015.10.10"]
[Round "8"]
[White "Lyubokhiner, Leonid M"]
[Black "Chekletsova, Darya"]
[Result "1-0"]
[WhiteElo "1723"]
[BlackElo "1495"]
[PlyCount "123"]
[EventDate "2015.10.03"]
[EventType "swiss"]
[EventRounds "9"]
[EventCountry "RUS"]
[SourceTitle "CBM 168 Extra"]
[Source "ChessBase"]
[SourceDate "2015.10.29"]
[SourceVersion "1"]
[SourceVersionDate "2015.10.29"]
[SourceQuality "1"]

1. d4 d5 2. c4 e6 3. Nc3 Nf6 4. Bf4 c6 5. e3 Nbd7 6. Bd3 Be7 7. Nf3 b6 8. 0-0 0-0 9. Re1 Bb7 10. cxd5 cxd5 11. Rc1 a6 12. Re2 Ne8 13. e4 dxe4 14. Bxe4 Bxe4 15. Nxe4 Rc8 16. Rec2 Rxc2 17. Qxc2 Nef6 18. h3 Nxe4 19. Qxe4 Nf6 20. Qe2 Nd5 21. Be5 a5 22. a3 Bd6 23. Rc6 Bxe5 24. Qxe5 Qa8 25. Rc2 Rc8 26. Qe4 h6 27. Ne5 Rxc2 28. Qxc2 Qd8 29. Qc6 g6 30. Kh1 Kg7 31. Qc1 Nf6 32. Qxh6+ Kg8 33. Qh8+ Kxh8 34. Nxf7+ Kg7 35. Nxd8 Kf8 36. Nxe6+ Ke7 37. Nc7 Kd7 38. Nb5 Kc6 39. Nc3 b5 40. Kg1 b4 41. axb4 axb4 42. Ne2 Kb5 43. Nf4 g5 44. Ne6 Ne4 45. f4 gxf4 46. Nxf4 Nd2 47. h4 Kc4 48. h5 Ne4 49. h6 Ng5 50. d5 Kb5 51. Ne6 Nf7 52. h7 Kb6 53. Kf2 Kb7 54. Ke3 Kc8 55. Kd4 Kd7 56. g4 Kd6 57. g5 Ke7 58. b3 Ke8 59. g6 Nh8 60. Nf4 Kf8 61. Kc4 Kg7 62. Kxb4 1-0

[Event "Chigorin Memorial 22nd"]
[Site "St Petersburg"]
[Date "2014.10.24"]
[Round "7"]
[White "Lyubokhiner, Leonid M"]
[Black "Shemenko, Georgy"]
[Result "1-0"]
[WhiteElo "1709"]
[BlackElo "1803"]
[PlyCount "97"]
[EventDate "2014.10.18"]
[EventType "swiss"]
[EventRounds "9"]
[EventCountry "RUS"]
[SourceTitle "EXT 2015"]
[Source "ChessBase"]
[SourceDate "2014.11.20"]
[SourceVersion "1"]
[SourceVersionDate "2014.11.20"]
[SourceQuality "1"]

1. e4 e6 2. d4 d5 3. Nd2 c5 4. Bb5+ Bd7 5. Bxd7+ Nxd7 6. exd5 exd5 7. Qe2+ Be7 8. Ngf3 Ngf6 9. 0-0 0-0 10. Re1 Re8 11. Qf1 Qb6 12. c4 cxd4 13. cxd5 Nxd5 14. Qc4 N7f6 15. Qxd4 Bc5 16. Rxe8+ Rxe8 17. Qc4 Bxf2+ 18. Kh1 Ne3 19. Qb3 Qxb3 20. Nxb3 Nc2 21. Rb1 Ne1 22. Bd2 Nxf3 23. gxf3 h6 24. Kg2 Re2 25. Kf1 Rxd2 26. Nxd2 Be3 27. Ke2 Bf4 28. Nf1 Kf8 29. Kd3 Ke7 30. Kc4 Nd7 31. Re1+ Kd6 32. Rd1+ Kc6 33. Kd3 Nc5+ 34. Ke2 g5 35. Ne3 h5 36. Ng2 Bd6 37. h4 f6 38. Rh1 g4 39. fxg4 Ne4 40. Rc1+ Kd5 41. Kf3 Nd2+ 42. Ke2 Ne4 43. Ne3+ Ke6 44. gxh5 Ng3+ 45. Kf3 Nxh5 46. Rc8 Ng7 47. Rg8 Kf7 48. Rxg7+ Kxg7 49. Nf5+ 1-0

[Event "Chigorin Memorial 22nd"]
[Site "St Petersburg"]
[Date "2014.10.23"]
[Round "6"]
[White "Bezhenar, Georgy"]
[Black "Lyubokhiner, Leonid M"]
[Result "1-0"]
[WhiteElo "1969"]
[BlackElo "1709"]
[PlyCount "93"]
[EventDate "2014.10.18"]
[EventType "swiss"]
[EventRounds "9"]
[EventCountry "RUS"]
[SourceTitle "EXT 2015"]
[Source "ChessBase"]
[SourceDate "2014.11.20"]
[SourceVersion "1"]
[SourceVersionDate "2014.11.20"]
[SourceQuality "1"]

1. d4 d5 2. c4 e6 3. Nc3 Nf6 4. cxd5 exd5 5. Bg5 c6 6. Qc2 h6 7. Bh4 Be7 8. e3 0-0 9. Bd3 Re8 10. f3 Nbd7 11. Nge2 Nb6 12. 0-0 c5 13. Bf2 c4 14. Bf5 Bxf5 15. Qxf5 Qd7 16. Qc2 Bd6 17. h3 Nc8 18. e4 Bf8 19. e5 Nh7 20. f4 Ne7 21. Ng3 b5 22. Be3 b4 23. Nce2 b3 24. axb3 cxb3 25. Qxb3 Nf5 26. Nxf5 Qxf5 27. Qxd5 Qd3 28. Qf3 Nf6 29. Nc1 Qe4 30. Qxe4 Nxe4 31. Rf3 Rec8 32. Nd3 Be7 33. d5 Bc5 34. Bxc5 Nxc5 35. Nxc5 Rxc5 36. d6 Rb5 37. b3 a5 38. Rc1 Kf8 39. Rd3 Ke8 40. Rc7 Rb4 41. g3 Rab8 42. Re7+ Kf8 43. Ra7 Ke8 44. f5 Rxb3 45. Rxb3 Rxb3 46. e6 Rb8 47. Rxf7 1-0

[Event "Dmitrov op"]
[Site "Dmitrov"]
[Date "2012.07.29"]
[Round "7"]
[White "Dugin, Andrey"]
[Black "Lyubokhiner, Leonid M"]
[Result "1-0"]
[WhiteElo "1793"]
[BlackElo "1715"]
[PlyCount "124"]
[EventDate "2012.07.25"]
[EventType "swiss"]
[EventRounds "9"]
[EventCountry "RUS"]
[SourceTitle "CBM 149 Extra"]
[Source "ChessBase"]
[SourceDate "2012.08.24"]
[SourceVersion "1"]
[SourceVersionDate "2012.08.24"]
[SourceQuality "1"]

1. e4 e5 2. Bc4 Nf6 3. d3 c6 4. Bg5 h6 5. Bxf6 Qxf6 6. Nc3 Bc5 7. Qf3 b5 8. Bb3 d6 9. Qxf6 gxf6 10. Nge2 a5 11. a3 Na6 12. Nd1 f5 13. exf5 Bxf5 14. Ne3 Bxe3 15. fxe3 d5 16. Ng3 Bg6 17. e4 Nc5 18. 0-0 Nxb3 19. cxb3 Ke7 20. Rac1 Rhc8 21. Nf5+ Bxf5 22. Rxf5 Ke6 23. Rcf1 dxe4 24. dxe4 Rf8 25. Rf6+ Ke7 26. Rxc6 Rac8 27. Rfc1 Rcd8 28. R6c5 f6 29. Rxb5 Rd4 30. Rxa5 Rxe4 31. Rac5 Kd6 32. b4 Rd4 33. b5 f5 34. b6 Rd1+ 35. Rxd1+ Kxc5 36. b4+ Kxb6 37. Rd6+ Kb5 38. Rd5+ Ka4 39. Rxe5 Kxa3 40. b5 Rf6 41. Kf2 Kb4 42. Kf3 Kc4 43. Kf4 Kd4 44. Rxf5 Rg6 45. g4 Re6 46. Kg3 Rg6 47. Rf1 Ke5 48. Rb1 Rb6 49. Kh4 Kf6 50. Rf1+ Kg6 51. Rf5 Rd6 52. Rc5 Kg7 53. Rc6 Rd5 54. b6 Rb5 55. Rc7+ Kg6 56. b7 Rb2 57. Kg3 Kf6 58. h3 h5 59. Kf4 Rb4+ 60. Kg3 hxg4 61. hxg4 Kg6 62. Kf3 Rb5 1-0

[Event "Moscow op-E"]
[Site "Moscow"]
[Date "2011.01.31"]
[Round "3.239"]
[White "Nersesian, Vagram Arshakovich"]
[Black "Lyubokhiner, Leonid M"]
[Result "1-0"]
[WhiteElo "2030"]
[BlackElo "1771"]
[PlyCount "52"]
[EventDate "2011.01.29"]
[EventType "swiss"]
[EventRounds "9"]
[EventCountry "RUS"]
[SourceTitle "EXT 2022"]
[Source "ChessBase"]
[SourceDate "2021.10.06"]
[SourceVersion "1"]
[SourceVersionDate "2021.10.06"]
[SourceQuality "1"]

1. d4 d5 2. Nf3 Nf6 3. c4 e6 4. Nc3 Be7 5. e3 0-0 6. Bd3 c5 7. 0-0 dxc4 8. Bxc4 Nc6 9. Ne2 b6 10. a3 cxd4 11. Nexd4 Nxd4 12. Nxd4 Bb7 13. Qe2 Bd5 14. Bxd5 Qxd5 15. b4 Rfc8 16. Bb2 Rc4 17. Rac1 Rac8 18. Rxc4 Rxc4 19. Rd1 Rc8 20. Nb5 Qa8 21. h3 a6 22. Nd4 b5 23. Nb3 h6 24. Bd4 Qe4 25. Bc5 Bxc5 26. Nxc5 Qe5 1-0

[Event "Moscow op-A"]
[Site "Moscow"]
[Date "2009.02.01"]
[Round "2"]
[White "Gagarin, Vasilij"]
[Black "Lyubokhiner, Leonid M"]
[Result "1-0"]
[WhiteElo "2392"]
[BlackElo "1792"]
[PlyCount "53"]
[EventDate "2009.01.31"]
[EventType "swiss"]
[EventRounds "9"]
[EventCountry "RUS"]
[SourceTitle "EXT 2022"]
[Source "ChessBase"]
[SourceDate "2021.10.06"]
[SourceVersion "1"]
[SourceVersionDate "2021.10.06"]
[SourceQuality "1"]

1. d4 Nf6 2. c4 e6 3. Nc3 Bb4 4. e3 d5 5. a3 Bxc3+ 6. bxc3 0-0 7. cxd5 exd5 8. Bd3 b6 9. Ne2 Bb7 10. 0-0 Nc6 11. f3 Ne7 12. Ng3 c5 13. Ra2 Nc6 14. Bb1 cxd4 15. cxd4 Rc8 16. Rd2 Na5 17. e4 Rxc1 18. Qxc1 Nb3 19. Qb2 Nxd2 20. Qxd2 h5 21. e5 h4 22. Nf5 Nh5 23. Nh6+ Kh8 24. Qc2 g6 25. Nxf7+ Rxf7 26. Qxg6 Rg7 27. Qxh5+ 1-0

[Event "Moscow op 03rd"]
[Site "Moscow"]
[Date "2007.01.28"]
[Round "2"]
[White "Kashlinskaya, Alina"]
[Black "Lyubokhiner, Leonid M"]
[Result "1-0"]
[WhiteElo "2228"]
[BlackElo "1805"]
[PlyCount "53"]
[EventDate "2007.01.27"]
[EventType "swiss"]
[EventRounds "9"]
[EventCountry "RUS"]
[SourceTitle "CBM 116 Extra"]
[Source "ChessBase"]
[SourceDate "2007.03.07"]
[SourceVersion "1"]
[SourceVersionDate "2007.03.07"]
[SourceQuality "1"]

1. d4 Nf6 2. c4 g6 3. Nf3 Bg7 4. g3 0-0 5. Bg2 d6 6. Nc3 a6 7. 0-0 Nc6 8. h3 Rb8 9. e4 Na5 10. Qe2 b5 11. e5 Ne8 12. cxb5 axb5 13. Bg5 h6 14. exd6 Be6 15. dxe7 Qd7 16. exf8Q+ Kxf8 17. d5 Bxh3 18. Bxh3 Qxh3 19. Be7+ Kg8 20. Nxb5 Nd6 21. Nxd6 Rxb2 22. Qa6 Qh5 23. Rab1 Qxf3 24. Rxb2 Bd4 25. Rb8+ Kh7 26. Ne4 Qxe4 27. Bf6 1-0

[Event "Moscow op 03rd"]
[Site "Moscow"]
[Date "2007.01.27"]
[Round "1"]
[White "Lyubokhiner, Leonid M"]
[Black "Filipenko, Alexander V"]
[Result "0-1"]
[WhiteElo "1805"]
[BlackElo "2376"]
[PlyCount "56"]
[EventDate "2007.01.27"]
[EventType "swiss"]
[EventRounds "9"]
[EventCountry "RUS"]
[SourceTitle "CBM 116 Extra"]
[Source "ChessBase"]
[SourceDate "2007.03.07"]
[SourceVersion "1"]
[SourceVersionDate "2007.03.07"]
[SourceQuality "1"]

1. e4 c5 2. Nf3 d6 3. c3 Nf6 4. Bb5+ Nbd7 5. d3 a6 6. Bxd7+ Bxd7 7. a4 c4 8. e5 dxe5 9. Nxe5 cxd3 10. 0-0 Bf5 11. Nd2 e6 12. Ndf3 Bd6 13. Kh1 Bxe5 14. Nxe5 Qd5 15. Bf4 Rd8 16. a5 0-0 17. Ra4 h6 18. Nc4 Qc5 19. Ne3 Be4 20. Rc4 Qb5 21. Bc7 Rd7 22. Rb4 Qg5 23. f4 Qg6 24. Be5 Nd5 25. Rxe4 Qxe4 26. Nxd5 Qxd5 27. Re1 d2 28. Re3 Qb3 0-1